000 00995cam a2200301 a 4500
001 000010057
005 20200929161825.0
008 900411s1988 fr a b 000 1 spa
020 _a8400068971
035 _a(DLC) 90143635
040 _aDO-SdBNP
_cDLC
082 _aB863.42
_bA694r
100 1 _aArguedas, Alcides,
_d1879-1946.
_925031
245 1 0 _aRaza de bronce :
_bWuata Wuara /
_cAlcides Arguedas ; edición crítica Antonio Lorente Medina.
260 _aNanterre, France :
_bALLCA XX,
_c1988.
300 _axxxvi, 572 p. :
_bil. ;
_c24 cm.
490 1 _aArchivos
_v11
504 _aBibliografías: p. 567-572.
650 4 _aNovela boliviana
_925032
650 4 _aLiteratura boliviana
_ySIGLO XX
_925033
700 1 _aLorente Medina, Antonio.
_924746
700 1 _aArguedas, Alcides,
_d1879-1946.
_tWuata Wuara.
_f1919.
_925034
740 0 _aRaza de bronce.
740 0 _aWuata Wuara.
830 0 _aArchivos ;
_v11
_914634
910 _aCatalogación por copia / LC
049 _aBNGR
999 _c9816
_d9816